5 Letter J Words (Photos) - Statistics

General Stats
  • This quiz has been taken 94 times
  • The average score is 14 of 20
Answer Stats
Picture Answer % Correct
Joker
100%
Juice
96%
Jeans
95%
Japan
89%
Jumping {Jacks}
87%
{Jolly} Roger
76%
Joint
71%
Judge
71%
Jewel
70%
Jimmy
67%
Jabba
66%
Joust
64%
Jacks
63%
Jerky
63%
Jerry
61%
Jello
60%
Jelly
53%
Jetty
51%
Mint {Julep}
43%
Jumbo
33%
No matching quizzes found
Score Distribution
Percent of People with Each Score
Percentile by Number Answered
Your Score History
You have not taken this quiz